| 000 | 00760nam a2200205 i 4500 | ||
|---|---|---|---|
| 001 | 40346 | ||
| 003 | ES-MaACL | ||
| 005 | 20230906160211.0 | ||
| 007 | t| | ||
| 008 | 030305s1986 sp ||||1| spa d | ||
| 020 | _a84-600-4605-2 | ||
| 100 | 1 |
_aCarrascosa López, Valentín. _935581 |
|
| 245 | 1 | 3 |
_aEl juicio de faltas _b: estudio teórico-práctico adaptado a la nueva Ley Orgánica del Poder Judicial / _cValentín Carrascosa López, José Carretero Domínguez, Pedro Melo Alvarado. |
| 260 |
_a[S.l. : _bs.n., _c1986] ( _eMérida : _fArtes Gráficas Boysu) |
||
| 300 | _a1 v. | ||
| 504 | _aBibliografía: p. 267-269. | ||
| 700 | 1 |
_aCarretero Domínguez, José. _935724 |
|
| 700 | 1 |
_aMelo Alvarado, Pedro. _980017 |
|
| 852 |
_aES-MaACL _jL-11085 _bR.112697 |
||
| 999 |
_c40346 _d40346 |
||